| 000 | 00671cam a22002053a 4500 | ||
|---|---|---|---|
| 001 | 44407 | ||
| 003 | PGUSA | ||
| 005 | 20140828084020.0 | ||
| 008 | 131211s2013||||xxu|||||s|||||000 | eng d | ||
| 040 |
_aPGUSA _beng |
||
| 042 | _adc | ||
| 100 | 1 | _aPoissonnier-Desperrières, Antoine | |
| 245 | 1 | 0 |
_aMémoire sur les avantages qu'il y auroit à changer absolument la nourriture des gens de mer _h[electronic resource] / _cAntoine Poissonnier-Desperrières |
| 260 |
_bProject Gutenberg, _c2013 |
||
| 506 | _aPublic domain in the USA. | ||
| 516 | _aElectronic text | ||
| 830 | 0 |
_aProject Gutenberg _v44407 |
|
| 856 | 4 | 0 | _uhttp://www.gutenberg.org/ebooks/44407 |
| 942 | _cEB | ||
| 999 |
_c273658 _d273658 |
||